Hướng dẫn phòng và diệt virut máy tính

Bewaard in:
Bibliografische gegevens
Hoofdauteur: Nguyễn Thành Cương
Formaat: Boek
Taal:Vietnamese
Gepubliceerd in: TKE 2002
Tags: Voeg label toe
Geen labels, Wees de eerste die dit record labelt!
Thư viện lưu trữ: Mạng thư viện Đại học Đà Nẵng
LEADER 00645nam a2200277 4500
001 000026097
003 1630
005 20150325120000.0
008 150325s vm 000 vie
020 |c 27000,0000 
040 |a NOTTS 
100 |a Nguyễn Thành Cương 
245 |a Hướng dẫn phòng và diệt virut máy tính 
260 |b TKE  |c 2002 
300 |a 274tr. ; 
OWN |a LTT 
999 |a From the UDN01 
TYP |a Monograph 
TYP |a Printed language 
980 |a Mạng thư viện Đại học Đà Nẵng